The ultimate-load theory applied to the design of reinforced & prestressed concrete frames. (Record no. 546733)

000 -LEADER
fixed length control field 00616cam a2200169u 4500
082 ## - DEWEY DECIMAL CLASSIFICATION NUMBER
Classification number 624.177
Author Mark BAK
-- L-19, P-32.
100 1# - MAIN ENTRY--PERSONAL NAME
Personal name Baker, Arthur Lemprière Lancey. [from old catalog]
9 (RLIN) 42932
245 14 - TITLE STATEMENT
Title The ultimate-load theory applied to the design of reinforced & prestressed concrete frames.
260 ## - PUBLICATION, DISTRIBUTION, ETC.
Place of publication, distribution, etc. London,
Name of publisher, distributor, etc. Concrete Publications
Date of publication, distribution, etc. [1956]
300 ## - PHYSICAL DESCRIPTION
Extent 91 p.
Other physical details illus.
Dimensions 24 cm.
526 ## - STUDY PROGRAM INFORMATION NOTE
Program name 0
Interest level 0
Reading level 0
Title point value 624_177000000000000_BAK
526 ## - STUDY PROGRAM INFORMATION NOTE
Program name 0
Interest level 0
Reading level 0
Title point value 624_177000000000000_BAK
650 #0 - SUBJECT ADDED ENTRY--TOPICAL TERM
Topical term or geographic name entry element Concrete construction.
650 #0 - SUBJECT ADDED ENTRY--TOPICAL TERM
Topical term or geographic name entry element MCE
9 (RLIN) 379
650 #0 - SUBJECT ADDED ENTRY--TOPICAL TERM
Topical term or geographic name entry element Structural analysis (Engineering)
9 (RLIN) 654
942 ## - ADDED ENTRY ELEMENTS (KOHA)
Source of classification or shelving scheme
Koha item type Book
Holdings
Withdrawn status Lost status Source of classification or shelving scheme Damaged status Not for loan Permanent Location Current Location Date acquired Total Checkouts Full call number Barcode Date last seen Price effective from Koha item type
          Military College of Engineering (MCE) Military College of Engineering (MCE) 06/18/2014   624.177 BAK MCE-1967 06/18/2014 06/18/2014 Book
          Military College of Engineering (MCE) Military College of Engineering (MCE) 06/18/2014   624.177 BAK MCE-2355 06/18/2014 06/18/2014 Book
© 2023 Central Library, National University of Sciences and Technology. All Rights Reserved.